Society and ideology : (Record no. 20818)

MARC details
000 -LEADER
fixed length control field 02298cam a2200397 a 4500
001 - CONTROL NUMBER
control field 4426915
003 - CONTROL NUMBER IDENTIFIER
control field BDDh-ASL
005 - DATE AND TIME OF LATEST TRANSACTION
control field 20231015025935.0
008 - FIXED-LENGTH DATA ELEMENTS--GENERAL INFORMATION
fixed length control field 931103s1993 ii 000 0 eng d
010 ## - LIBRARY OF CONGRESS CONTROL NUMBER
LC control number 93226973
020 ## - INTERNATIONAL STANDARD BOOK NUMBER
International Standard Book Number 0195632141
035 ## - SYSTEM CONTROL NUMBER
System control number (OCoLC)28537210
040 ## - CATALOGING SOURCE
Original cataloging agency NHC
Transcribing agency NHC
Modifying agency DLC
-- BDDh-ASL
042 ## - AUTHENTICATION CODE
Authentication code lccopycat
043 ## - GEOGRAPHIC AREA CODE
Geographic area code az-----
050 00 - LIBRARY OF CONGRESS CALL NUMBER
Classification number DS336
Item number .S63 1993
082 00 - DEWEY DECIMAL CLASSIFICATION NUMBER
Classification number 954
Edition number 20
Item number SOC
245 00 - TITLE STATEMENT
Title Society and ideology :
Remainder of title essays in South Asian history presented to Professor K.A. Ballhatchet /
Statement of responsibility, etc. edited by Peter Robb, in collaboration with K.N. Chaudhuri and Avril Powell.
260 ## - PUBLICATION, DISTRIBUTION, ETC.
Place of publication, distribution, etc. Delhi ;
-- New York :
Name of publisher, distributor, etc. Oxford University Press,
Date of publication, distribution, etc. 1993.
300 ## - PHYSICAL DESCRIPTION
Extent x, 266 p. :
Dimensions 23 cm.
440 #0 - SERIES STATEMENT/ADDED ENTRY--TITLE
Title SOAS studies on South Asia
504 ## - BIBLIOGRAPHY, ETC. NOTE
Bibliography, etc. note Includes bibliographical references.
504 ## - BIBLIOGRAPHY, ETC. NOTE
Bibliography, etc. note "Major publications of K.A. Ballhachet at the School of Oriental and African Studies, 1948-88" (p. viii-x).
505 0# - FORMATTED CONTENTS NOTE
Formatted contents note Texts, communities and the history of change in modern South Asia / Peter Robb -- From the barbarian and the civilized to the dialectics of colours / K.N. Chaudhuri -- Approaches to pre-modern Indo-Muslim historical writing / Peter Hardy -- Artful apostasy? A Mughal mansabdar among the Jesuits / Avril Powell -- Colonial perceptions of ethnicity and culture in early nineteenth-century Sri Lanka / John D. Rogers -- The rhetoric of caste status in modern Sri Lanka / A.P. Kannangara -- The impact of British rule on religious community / Peter Robb -- The Western-educated elites and popular religion / Geoffrey Oddie -- "Who are your leaders?" Plague, the Raj and the communities in Bombay, 1896-1901 / Ian Catanach -- The politics of childbirth / Dagmar Engels -- Historical approaches to communalism / Rosalind O'Hanlon.
600 10 - SUBJECT ADDED ENTRY--PERSONAL NAME
Personal name Ballhatchet, Kenneth.
650 #0 - SUBJECT ADDED ENTRY--TOPICAL TERM
Topical term or geographic name entry element Ethnicity
Geographic subdivision South Asia.
651 #0 - SUBJECT ADDED ENTRY--GEOGRAPHIC NAME
Geographic name South Asia
General subdivision History.
700 1# - ADDED ENTRY--PERSONAL NAME
Personal name Ballhatchet, Kenneth.
700 1# - ADDED ENTRY--PERSONAL NAME
Personal name Robb, Peter
Fuller form of name (Peter G.)
700 1# - ADDED ENTRY--PERSONAL NAME
Personal name Chaudhuri, K. N.
700 1# - ADDED ENTRY--PERSONAL NAME
Personal name Powell, Avril A.
Fuller form of name (Avril Ann)
856 42 - ELECTRONIC LOCATION AND ACCESS
Materials specified Publisher description
Uniform Resource Identifier <a href="http://www.loc.gov/catdir/enhancements/fy0606/93226973-d.html">http://www.loc.gov/catdir/enhancements/fy0606/93226973-d.html</a>
906 ## - LOCAL DATA ELEMENT F, LDF (RLIN)
a 7
b cbc
c copycat
d 2
e ncip
f 19
g y-gencatlg
942 ## - ADDED ENTRY ELEMENTS (KOHA)
Source of classification or shelving scheme Dewey Decimal Classification
Koha item type Books
Holdings
Withdrawn status Lost status Source of classification or shelving scheme Damaged status Not for loan Collection code Home library Current library Shelving location Date acquired Source of acquisition Total Checkouts Full call number Barcode Date last seen Copy number Price effective from Koha item type Public note
    Dewey Decimal Classification   Not For Loan Non-fiction Asiatic Society Library Asiatic Society Library Ludden Collection 01/14/2021 Donated by Prof. David Ludden   954 SOC 104321 01/14/2021 C-1 01/14/2021 Books RARE

Powered by Koha